Retailing / (Record no. 8543)
[ view plain ]
| 000 -LEADER | |
|---|---|
| fixed length control field | 00892nam a22002895a 4500 |
| 008 - FIXED-LENGTH DATA ELEMENTS--GENERAL INFORMATION | |
| fixed length control field | 150824t2008 xxua frb 001 0 eng d |
| 010 ## - LIBRARY OF CONGRESS CONTROL NUMBER | |
| LC control number | 2006939680 |
| 020 ## - INTERNATIONAL STANDARD BOOK NUMBER | |
| International Standard Book Number | 9780324364378 (hbk. : student ed.) |
| 020 ## - INTERNATIONAL STANDARD BOOK NUMBER | |
| International Standard Book Number | 0324364377(hbk. : student ed.) |
| 040 ## - CATALOGING SOURCE | |
| Original cataloging agency | EG-ScBUE |
| Language of cataloging | eng |
| Transcribing agency | EG-ScBUE |
| 082 04 - DEWEY DECIMAL CLASSIFICATION NUMBER | |
| Classification number | 658.82 |
| Item number | DUN |
| Edition number | 22 |
| 100 1# - MAIN ENTRY--PERSONAL NAME | |
| Personal name | Dunne, Patrick M. |
| 245 10 - TITLE STATEMENT | |
| Title | Retailing / |
| Statement of responsibility, etc | Patrick M. Dunne, Robert F. Lusch. |
| 250 ## - EDITION STATEMENT | |
| Edition statement | 6th ed. |
| 260 ## - PUBLICATION, DISTRIBUTION, ETC. (IMPRINT) | |
| Place of publication, distribution, etc | Mason, OH : |
| Name of publisher, distributor, etc | Thomson/South-Western, |
| Date of publication, distribution, etc | c.2008. |
| 300 ## - PHYSICAL DESCRIPTION | |
| Extent | xxiii, 552 p. : |
| Other physical details | col. ill. ; |
| Dimensions | 26 cm. |
| 500 ## - GENERAL NOTE | |
| General note | Indexes. |
| 500 ## - GENERAL NOTE | |
| General note | Appendix : p. 509-514. |
| 500 ## - GENERAL NOTE | |
| General note | Glossary : p. 515-526. |
| 504 ## - BIBLIOGRAPHY, ETC. NOTE | |
| Bibliography, etc | Bibliography : p. 527-536. |
| 590 ## - LOCAL NOTE (RLIN) | |
| Local note | Menna Elemam |
| 650 #0 - SUBJECT ADDED ENTRY--TOPICAL TERM | |
| Topical term or geographic name as entry element | Retail trade. |
| Source of heading or term | BUEsh |
| 651 ## - SUBJECT ADDED ENTRY--GEOGRAPHIC NAME | |
| Source of heading or term | BUEsh |
| 653 ## - INDEX TERM--UNCONTROLLED | |
| Arrived date list | August2015 |
| 700 1# - ADDED ENTRY--PERSONAL NAME | |
| Personal name | Lusch, Robert F. |
| 9 (RLIN) | 38359 |
| 942 ## - ADDED ENTRY ELEMENTS (KOHA) | |
| Item type | Book - Borrowing |
| Call number prefix | 658.82 DUN |
| Source of classification or shelving scheme | Dewey Decimal Classification |
| Withdrawn status | Item status | Source of classification or shelving scheme | Damaged status | Not for loan | Home library | Current library | Shelving location | Date acquired | Source of acquisition | Total Checkouts | Total Renewals | Full call number | Barcode | Date last seen | Date last borrowed | Koha item type | Vendor |
|---|---|---|---|---|---|---|---|---|---|---|---|---|---|---|---|---|---|
| Dewey Decimal Classification | Central Library | Central Library | First floor | 08/03/2012 | Purchase | 12 | 37 | 658.82 DUN | 000009899 | 15/07/2025 | 10/03/2019 | Book - Borrowing | |||||
| Dewey Decimal Classification | Central Library | Central Library | First floor | 08/03/2012 | 8 | 42 | 658.82 DUN | 000026398 | 15/07/2025 | 03/03/2019 | Book - Borrowing | Baccah | |||||
| Dewey Decimal Classification | Central Library | Central Library | First floor | 08/03/2012 | 6 | 25 | 658.82 DUN | 000026399 | 15/07/2025 | 02/03/2019 | Book - Borrowing | Baccah |